00570nam a2200193Ii 450000100060000000300090000600800410001502000150005604000330007104100080010408200170011210000200012924500540014926400800020330000120028333600260029533700280032133800270034911697CO-ViMGA241108s9999||||xx |||||||||||||| ||und|| a8480130628 aCO-ViMGAbspaerdacCO-ViMGA0 aunk04a796.912 D5591 aNunchi de Diego10aIniciación al patinaje artístico sobre ruedas 1a[Lugar de publicación no identificado] : Gymnos Editorial Deportiva, 1996 avolumen atextbtxt2rdacontent aunmediatedbn2rdamedia avolumebnc2rdacarrier